000
00312nam a22001337a 4500
008
180831b xxu||||| |||| 00| 0 eng d
020
_a
074470874676
041
_a
eng
080
_a
7
100
_a
45
101
_a
ART
245
_a
Gulf Coast a Journal Of Literature Fine Arts
_c
Flyn.N
942
_2
udc
_c
BK
999
_c
47413
_d
47413